000 00416nam a22001577a 4500
003 0
005 20230621090059.0
008 230621b xxu||||| |||| 00| 0 eng d
020 _a978-971-009-774-6
082 _aER
_b.Go573 2018
245 _aBee kind
_cGo, Joyce-Piap
260 _aMandaluyong City
_bOMF Literature, Inc.
_cc2018
300 _a24pp.
_bcol. ill.
_c16cm.
500 _aKindness.
942 _2ddc
_cER
999 _c365074
_d365074